LAPD Ranks - Statistics

General Stats
  • This quiz has been taken 143 times
  • The average score is 5 of 8
Answer Stats
Answer % Correct
Sergeant
86%
Officer
79%
Captain
75%
Chief
74%
Lieutenant
68%
Commander
55%
Deputy Chief
41%
Assistant Chief
37%
No matching quizzes found
Score Distribution
Percent of People with Each Score
Percentile by Number Answered
Your Score History
You have not taken this quiz